Normal view
MARC view
- Hindu Kush Mountains (Afghanistan and Pakistan)
Entry Geographic Name
001 - CONTROL NUMBER
- control field: 5377
003 - CONTROL NUMBER IDENTIFIER
- control field: NUST
005 - DATE AND TIME OF LATEST TRANSACTION
- control field: 20171012105648.0
008 - FIXED-LENGTH DATA ELEMENTS
- fixed length control field: 171012|| aca||aabn | a|a d
040 ## - CATALOGING SOURCE
- Original cataloging agency: NUST
- Transcribing agency: NUST
151 ## - HEADING--GEOGRAPHIC NAME
- Geographic name: Hindu Kush Mountains (Afghanistan and Pakistan)
- General subdivision: Social life and customs.
670 ## - SOURCE DATA FOUND
- Source citation: Work cat.: (NUST)0: Baig, Rahmat Karim. 5373, Hindu Kush study series /, 1994
